| Поле | Инд. | ПП | Название | Значение |
|---|---|---|---|---|
| Тип записи | a | |||
| Библиографический уровень | m | |||
| 001 | Контрольный номер | RU/IS/BASE/387371367 | ||
| 005 | Дата корректировки | 20140703202534.3 | ||
| 020 | a | ISBN | 978-5-903830-30-5 (т. 3) | |
| 020 | a | ISBN | 978-5-903830-29-9 | |
| 040 | a | Служба первич. каталог. | НБ ТвГУ | |
| b | Код языка каталог. | rus | ||
| e | Правила каталог. | PSBO | ||
| 041 | 0_ | a | Код языка текста | rus |
| 080 | a | Индекс УДК | 821.161.1(081.2) | |
| 084 | a | Индекс другой классификации/Индекс ББК | Ш6(2=411.2)6я44 | |
| 084 | a | Индекс другой классификации/Индекс ББК | Ш6(2=411.2)6-6 | |
| 090 | a | Полочн. индекс | Ш6(2=411.2) | |
| x | Авторский знак | К 32 | ||
| 100 | 1_ | a | Автор | Квашнин Николай Александрович |
| q | Полное имя | Квашнин Н. А. | ||
| 245 | 10 | a | Заглавие | Собрание сочинений |
| b | Продолж. заглавия | в 3 т. | ||
| c | Ответственность | [сост.: В. Н. Таможников] | ||
| n | Номер части/ раздела | Т. 3 | ||
| p | Название части/ раздела | Драматургия | ||
| 260 | a | Место издания | Тверь | |
| b | Издательство | Книжный клуб | ||
| c | Дата издания | 2010 | ||
| 300 | a | Объем | 130, [1] с. | |
| b | Иллюстрации/ тип воспроизводства | ил., портр. | ||
| 500 | a | Примечание | В макете загл.: Николай Александрович Квашнин: собрание сочинений в трех томах. - Издано на средства ООО "ТВЕЛЕМ" | |
| 520 | a | Аннотация | Данное собрание сочинений является первым достаточно полным изданием в России. Оно состоит из трёх томов. В первый том включены стихотворения, во второй – поэмы, сказки и сказы, в третий – драматические произведения и фотографии из семейного альбома Квашниных. | |
| 653 | a | Ключевые слова | Краеведение | |
| a | Ключевые слова | Художественная | ||
| 700 | a | Другие авторы | Таможников Валерин Николаевич | |
| e | Роль лиц | сост. | ||
| 901 | t | Тип документа | m | |
| 920 | a | Оператор | Густ | |
| 930 | a | Новая/Ретро | художественная | |
| a | Новая/Ретро | краеведение | ||
| 952 | c | Вид литературы | К рх | |
| 954 | a | Дата поступления на обработку | 20120413 |